000 00557cam a2200193 4500500
005 20260405003925.0
041 _afre
042 _adc
100 1 0 _aLegros, Martin
_eauthor
245 0 0 _aLa grande bifurcation
260 _c2025.
500 _a17
690 _aBergson
690 _aEdmund Husserl
690 _aMartin Legros
690 _aPlaton
786 0 _nPhilosophie magazine | 190 | 6 | 2025-06-01 | p. 36-38 | 1951-1787
856 4 1 _uhttps://shs.cairn.info/magazine-philosophie-magazine-2025-6-page-36?lang=fr&redirect-ssocas=7080
999 _c2072143
_d2072143